Statistics for Manchester United's Title Winning Squad 2012/13

Click here to take the quiz!

General Stats

  • This quiz has been taken 5,185 times
    (167 since last reset)
  • The average score is 81 of 422

Answer Stats

Season Position Player % Correct
MFRyan Giggs
69%
1992/93GKPeter Schmeichel
66%
DFGary Neville
66%
FWEric Cantona
52%
FWWayne Rooney
47%
FWWayne Rooney
47%
FWWayne Rooney
47%
FWWayne Rooney
47%
FWWayne Rooney
47%
FWWayne Rooney
47%
FWWayne Rooney
47%
DFRio Ferdinand
45%
DFRio Ferdinand
45%
DFRio Ferdinand
45%
MFPaul Scholes
45%
MFPaul Scholes
45%
DFRio Ferdinand
45%
MFPaul Scholes
45%
MFPaul Scholes
45%
DFRio Ferdinand
45%
MFPaul Scholes
45%
MFPaul Scholes
45%
MFPaul Scholes
45%
MFPaul Scholes
45%
MFPaul Scholes
45%
DFRio Ferdinand
45%
MFPaul Scholes
45%
MFPaul Scholes
45%
MFPaul Scholes
45%
MFPaul Scholes
45%
DFRio Ferdinand
45%
MFPaul Scholes
45%
DFRio Ferdinand
45%
MFPaul Scholes
45%
DFRio Ferdinand
45%
MFPaul Scholes
45%
MFCristiano Ronaldo
44%
MFCristiano Ronaldo
44%
MFCristiano Ronaldo
44%
MFCristiano Ronaldo
44%
MFCristiano Ronaldo
44%
MFCristiano Ronaldo
44%
2007/08GKEdwin van der Sar
42%
2005/06GKEdwin van der Sar
42%
2006/07GKEdwin van der Sar
42%
2009/10GKEdwin van der Sar
42%
2008/09GKEdwin van der Sar
42%
2010/11GKEdwin van der Sar
42%
MFNicky Butt
42%
MFDavid Beckham
41%
MFDavid Beckham
41%
MFDavid Beckham
41%
MFDavid Beckham
41%
MFDavid Beckham
41%
MFDavid Beckham
41%
MFDavid Beckham
41%
MFDavid Beckham
41%
MFDavid Beckham
41%
DFNemanja Vidić
40%
DFNemanja Vidić
40%
DFNemanja Vidić
40%
DFNemanja Vidić
40%
DFNemanja Vidić
40%
DFNemanja Vidić
40%
MFNani
36%
MFNani
36%
DFSteve Bruce
36%
MFNani
36%
MFNani
36%
DFDenis Irwin
35%
DFPatrice Evra
34%
DFGary Pallister
34%
DFPhil Neville
34%
DFPhil Neville
34%
DFPhil Neville
34%
DFPatrice Evra
34%
DFPhil Neville
34%
DFPhil Neville
34%
DFPhil Neville
34%
DFPhil Neville
34%
DFPatrice Evra
34%
DFPatrice Evra
34%
DFPatrice Evra
34%
DFPhil Neville
34%
DFPhil Neville
34%
DFPhil Neville
34%
DFPatrice Evra
34%
DFPhil Neville
34%
DFWes Brown
32%
DFWes Brown
32%
DFWes Brown
32%
DFWes Brown
32%
DFWes Brown
32%
DFWes Brown
32%
DFWes Brown
32%
DFWes Brown
32%
DFWes Brown
32%
DFWes Brown
32%
DFWes Brown
32%
DFWes Brown
32%
MFMichael Carrick
31%
MFMichael Carrick
31%
MFMichael Carrick
31%
MFMichael Carrick
31%
MFMichael Carrick
31%
MFRoy Keane
29%
MFRoy Keane
29%
MFRoy Keane
29%
MFRoy Keane
29%
MFRoy Keane
29%
MFRoy Keane
29%
MFRoy Keane
29%
MFRoy Keane
29%
MFRoy Keane
29%
MFRoy Keane
29%
MFRoy Keane
29%
MFRoy Keane
29%
MFRoy Keane
29%
FWDwight Yorke
28%
FWDwight Yorke
28%
FWDwight Yorke
28%
FWMark Hughes
28%
FWDwight Yorke
28%
MFRyan Giggs
27%
MFAnderson
27%
MFAnderson
27%
FWCarlos Tevez
27%
MFAnderson
27%
MFAnderson
27%
FWCarlos Tevez
27%
DFGary Neville
26%
FWDimitar Berbatov
26%
DFGary Neville
26%
DFGary Neville
26%
DFGary Neville
26%
DFGary Neville
26%
FWAndy Cole
26%
FWAndy Cole
26%
DFGary Neville
26%
DFGary Neville
26%
DFGary Neville
26%
FWAndy Cole
26%
FWAndy Cole
26%
FWAndy Cole
26%
DFGary Neville
26%
DFGary Neville
26%
FWAndy Cole
26%
DFGary Neville
26%
DFGary Neville
26%
FWDimitar Berbatov
26%
FWAndy Cole
26%
DFGary Neville
26%
DFGary Neville
26%
DFGary Neville
26%
DFGary Neville
26%
DFGary Neville
26%
FWAndy Cole
26%
FWDimitar Berbatov
26%
FWOle Gunnar Solskjær
25%
FWOle Gunnar Solskjær
25%
FWOle Gunnar Solskjær
25%
FWOle Gunnar Solskjær
25%
FWOle Gunnar Solskjær
25%
FWOle Gunnar Solskjær
25%
FWOle Gunnar Solskjær
25%
FWOle Gunnar Solskjær
25%
FWOle Gunnar Solskjær
25%
FWOle Gunnar Solskjær
25%
FWOle Gunnar Solskjær
25%
FWOle Gunnar Solskjær
25%
DFJohn O'Shea
24%
DFJohn O'Shea
24%
DFJohn O'Shea
24%
DFJohn O'Shea
24%
DFJohn O'Shea
24%
DFJohn O'Shea
24%
DFJohn O'Shea
24%
DFJohn O'Shea
24%
DFJohn O'Shea
24%
DFJohn O'Shea
24%
MFDarren Fletcher
23%
MFDarren Fletcher
23%
FWRuud van Nistelrooy
23%
MFDarren Fletcher
23%
FWRuud van Nistelrooy
23%
FWTeddy Sheringham
23%
MFDarren Fletcher
23%
FWRuud van Nistelrooy
23%
MFDarren Fletcher
23%
MFDarren Fletcher
23%
FWTeddy Sheringham
23%
FWRuud van Nistelrooy
23%
FWTeddy Sheringham
23%
FWTeddy Sheringham
23%
MFDarren Fletcher
23%
FWRuud van Nistelrooy
23%
MFDarren Fletcher
23%
FWBrian McClair
22%
MFLee Sharpe
19%
MFBryan Robson
19%
MFPaul Ince
18%
DFRafael da Silva
18%
DFRafael da Silva
18%
DFJaap Stam
18%
DFJaap Stam
18%
DFRafael da Silva
18%
DFJaap Stam
18%
DFJaap Stam
18%
2001/02GKFabien Barthez
17%
2000/01GKFabien Barthez
17%
2002/03GKFabien Barthez
17%
DFPaul Parker
16%
MFJi-Sung Park
15%
DFFábio da Silva
15%
MFAntonio Valencia
15%
DFFábio da Silva
15%
MFJi-Sung Park
15%
MFJi-Sung Park
15%
MFJi-Sung Park
15%
MFJi-Sung Park
15%
MFOwen Hargreaves
15%
MFOwen Hargreaves
15%
MFJi-Sung Park
15%
MFOwen Hargreaves
15%
DFFábio da Silva
15%
MFOwen Hargreaves
15%
MFAntonio Valencia
15%
FWLouis Saha
14%
FWLouis Saha
14%
FWLouis Saha
14%
FWLouis Saha
14%
FWLouis Saha
14%
FWLouis Saha
14%
GKTim Howard
13%
GKTim Howard
13%
GKTim Howard
13%
DFChris Smalling
12%
MFJuan Sebastián Verón
11%
2003/04GKRoy Carroll
11%
GKRoy Carroll
11%
2004/05GKRoy Carroll
11%
GKRoy Carroll
11%
MFJuan Sebastián Verón
11%
DFRonny Johnsen
10%
DFGabriel Heinze
10%
DFGabriel Heinze
10%
DFRonny Johnsen
10%
DFRonny Johnsen
10%
FWDanny Welbeck
10%
DFRonny Johnsen
10%
FWDanny Welbeck
10%
DFGabriel Heinze
10%
DFRonny Johnsen
10%
DFRonny Johnsen
10%
FWMichael Owen
9%
MFAndrei Kanchelskis
9%
GKTomasz Kuszczak
9%
FWMichael Owen
9%
MFKléberson
9%
FWDiego Forlán
9%
GKTomasz Kuszczak
9%
GKTomasz Kuszczak
9%
GKTomasz Kuszczak
9%
FWDiego Forlán
9%
GKTomasz Kuszczak
9%
DFHenning Berg
9%
DFHenning Berg
9%
DFHenning Berg
9%
MFKléberson
9%
FWDiego Forlán
9%
DFHenning Berg
9%
FWDiego Forlán
9%
DFDavid May
8%
DFDavid May
8%
DFDavid May
8%
FWJavier Hernández
8%
DFDavid May
8%
DFDavid May
8%
DFDavid May
8%
DFDavid May
8%
DFDavid May
8%
DFDavid May
8%
GKBen Foster
7%
MFMike Phelan
7%
1999/00GKMark Bosnich
7%
DFClayton Blackmore
7%
FWFederico Macheda
7%
GKBen Foster
7%
GKBen Foster
7%
FWFederico Macheda
7%
FWFederico Macheda
7%
MFJordi Cruyff
6%
MFJesper Blomqvist
6%
FWAlan Smith
6%
MFJordi Cruyff
6%
DFMikaël Silvestre
6%
MFQuinton Fortune
6%
DFJonny Evans
6%
MFJordi Cruyff
6%
MFJesper Blomqvist
6%
DFJonny Evans
6%
DFJonny Evans
6%
DFMikaël Silvestre
6%
DFMikaël Silvestre
6%
DFMikaël Silvestre
6%
MFJordi Cruyff
6%
MFQuinton Fortune
6%
MFQuinton Fortune
6%
DFLaurent Blanc
6%
DFMikaël Silvestre
6%
MFQuinton Fortune
6%
MFDarren Ferguson
6%
DFMikaël Silvestre
6%
DFMikaël Silvestre
6%
FWAlan Smith
6%
DFMikaël Silvestre
6%
DFLaurent Blanc
6%
MFQuinton Fortune
6%
DFMikaël Silvestre
6%
MFJesper Blomqvist
6%
MFQuinton Fortune
6%
FWAlan Smith
6%
MFKarel Poborský
5%
1997/98GKRaimond van der Gouw
5%
1998/99GKRaimond van der Gouw
5%
GKRaimond van der Gouw
5%
GKRaimond van der Gouw
5%
MFKarel Poborský
5%
DFGerard Piqué
5%
DFGerard Piqué
5%
GKRaimond van der Gouw
5%
1996/97GKRaimond van der Gouw
5%
DFLee Martin
4%
MFNeil Webb
4%
MFJonathan Greening
4%
GKMassimo Taibi
4%
MFEric Djemba-Djemba
4%
MFJonathan Greening
4%
MFJonathan Greening
4%
MFEric Djemba-Djemba
4%
MFDarron Gibson
3%
MFLuke Chadwick
3%
MFDarron Gibson
3%
MFLuke Chadwick
3%
MFLuke Chadwick
3%
MFDarron Gibson
3%
1993/94GKGary Walsh
3%
FWHenrik Larsson
3%
GKKevin Pilkington
2%
1994/95GKKevin Pilkington
2%
FWDion Dublin
2%
MFLiam Miller
2%
FWGabriel Obertan
2%
FWDavid Bellion
2%
FWDavid Bellion
2%
1995/96GKKevin Pilkington
2%
MFLiam Miller
2%
FWGabriel Obertan
2%
DFJohn Curtis
1%
MFBen Thornley
1%
DFMichael Clegg
1%
MFZoran Tošić
1%
MFBen Thornley
1%
DFWilliam Prunier
1%
MFKeith Gillespie
1%
DFChris Casper
1%
DFMichael Clegg
1%
FWDanny Wallace
1%
MFKieran Richardson
1%
MFChris Eagles
1%
DFRonnie Wallwork
1%
MFKieran Richardson
1%
GKAndy Goram
1%
DFRonnie Wallwork
1%
FWGiuseppe Rossi
1%
DFPhil Bardsley
1%
MFKieran Richardson
1%
GKRicardo
1%
MFKieran Richardson
1%
MFChris Eagles
1%
DFRonnie Wallwork
1%
MFBen Thornley
1%
FWErik Nevland
1%
MFZoran Tošić
1%
FWManucho
1%
DFRonnie Wallwork
1%
MFRodrigo Possebon
1%
MFLee Martin
1%
DFJohn Curtis
1%
MFBen Thornley
1%
DFMichael Clegg
1%
DFJohn Curtis
1%
MFColin McKee
0%
DFJohn O'Kane
0%
MFSimon Davies
0%
DFRichard Eckersley
0%
MFBojan Djordjic
0%
FWFangzhuo Dong
0%
DFDanny Simpson
0%
GKPaul Rachubka
0%
MFMark Wilson
0%
MFMichael Stewart
0%
FWDavid Healy
0%
MFDanny Pugh
0%
MFMichael Stewart
0%
DFLee Roche
0%
MFMichael Stewart
0%
DFKieran Lee
0%
FWFrazier Campbell
0%
FWFangzhuo Dong
0%
DFJohn O'Kane
0%
DFRitchie de Laet
0%
MFSimon Davies
0%
DFJonathan Spector
0%
FWMame Biram Diouf
0%
DFDanny Higginbotham
0%
FWFrazier Campbell
0%
DFDanny Higginbotham
0%
DFRitchie de Laet
0%
GKNick Culkin
0%
MFPhilip Mulryne
0%
MFTerry Cooke
0%

Score Distribution

Percentile by Number Answered

Percent of People with Each Score

Your Score History

You have not taken this quiz since the last reset